000 00415nam a22001697a 4500
005 20180704120439.0
008 160525b xxu||||| |||| 00| 0 eng d
020 _a81-85989-28-1
041 _aeng
082 _b4794
_a658.15
100 _aRustagi, R.P.
_91193
245 _aFinancial Management
260 _aNew Delhi
_bAcademic Faundation
_c2003
300 _a13.5p,
650 _aManagement
_9241
942 _cBK
999 _c1630
_d1629